| 000 | 00692nam a2200229 a 4500 | ||
|---|---|---|---|
| 001 | BRCA_4756 | ||
| 005 | 20190320204807.0 | ||
| 008 | 071010s1943----gw-a######---#000-0#ger-# | ||
| 041 | _ager | ||
| 044 | _agw | ||
| 050 | 4 |
_aNC287.G6 _b.R84 1943 |
|
| 100 | 1 |
_aRothe, Hans _912031 |
|
| 245 | 1 | 0 |
_aFrancisco Goya Handzeichungen _cvon Hans Rothe. |
| 260 |
_aMunich, Alemania _bR. Riper _c1943 |
||
| 300 |
_a37 p. _bil. (algunas a color), 100 láminas _c29 cm. |
||
| 500 | _aIncluye registros de las obras artísticas de Goya | ||
| 500 | _aD97 | ||
| 600 | 1 | 4 |
_aGoya y Lucientes, Francisco José de _d1746-1828 _911075 |
| 650 | 1 | 4 |
_aDibujantes españoles _912032 |
| 902 | _aGFM | ||
| 942 |
_2lcc _cB |
||
| 999 |
_c4454 _d4454 |
||